Statistics for Countries That Sell the Most Doors and Windows

Click here to take the quiz!

General Stats

  • This quiz has been taken 13 times
  • The average score is 8 of 10

Answer Stats

HintAnswer% Correct
4.2 billion unitsGermany
92%
2.3 billion unitsUK
92%
3.9 billion unitsFrance
85%
766 million unitsPoland
85%
458 million unitsAustria
77%
686 million unitsBelgium
77%
3.6 billion unitsItaly
77%
1.4 billion unitsSpain
77%
692 million unitsThe Netherlands
77%
765 million unitsPortugal
69%

Score Distribution

Percentile by Number Answered

Percent of People with Each Score

Your Score History

You have not taken this quiz